000 00398nam a2200145Ia 4500
008 100204s9999 xx 000 0 und d
082 _b19289
100 _aनऱ्हे शंकर
245 _aभास
260 _b"चंद्र्रमौळी प्रकाशन , पुणे"
_c1996
300 _a184
630 _aभास
730 _aभास
942 _cBOOK
999 _c463711
_d463708